| 000 | 00698nam a22001337a 4500 | ||
|---|---|---|---|
| 040 | _cRUA | ||
| 082 | _aGRS CHE 2017 B641 Or.1 | ||
| 100 | _aCHEA MAB ជា ម៉ាប់ | ||
| 245 | _asmall scale incubation of local chick breed at angtasom farm tromkok district takeo province ការភ្ញាស់កូនមាន់ស្រុកជាលក្ខណះគ្រួសានៅកសិដ្ខានអងញគតាសោម ស្រុកត្រាំកក់ ខេត្តតាកែវ | ||
| 260 |
_aRUA _bPHNOM PENH _c2017 |
||
| 300 |
_avii;28p _bill; _c29cm |
||
| 856 | _uhttps://drive.google.com/file/d/1pp6N9mlB1o_0yqrIJVB4b8ymeM6zsBW8/view?usp=sharing | ||
| 942 | _cGRS | ||
| 999 |
_c18083 _d18083 |
||